000 00691nam a2200229 i 4500
001 bg
100 1 _aSTRZELCZYK, Piotr
245 1 0 _aAerodynamika małych prędkości /
_cPiotr Strzelczyk.
260 _aRzeszów :
_bOficyna Wydawnicza Politechniki Rzeszowskiej,
_c2003.
300 _a186 s. :
_bil. ;
_c24 cm.
504 _aBibliogr. przy rozdz.
521 _aSkrypt uczelniany dla studentów Wydziału Budowy Maszyn i Lotnictwa PRz.
650 9 _aAerodynamika
655 _aPodręczniki akademickie
020 _a8371992440
040 _cBPK
041 0 _apol
080 _a533.6(075.8)
920 _a83-7199-244-0
942 _cKS
008 s pl f |000 0 pol
999 _c44724
_d44724
856 _uhttp://koha.tu.koszalin.pl/cgi-bin/koha/opac-detail.pl?biblionumber=44724
_yKatalog online BPK